Introduction to nanoscience and nanotechnology (Record no. 134475)
[ view plain ]
| 000 -LEADER | |
|---|---|
| fixed length control field | 00623nam a22002057a 4500 |
| 003 - CONTROL NUMBER IDENTIFIER | |
| control field | OSt |
| 005 - DATE AND TIME OF LATEST TRANSACTION | |
| control field | 20220723081309.0 |
| 008 - FIXED-LENGTH DATA ELEMENTS--GENERAL INFORMATION | |
| fixed length control field | 220723b |||||||| |||| 00| 0 eng d |
| 020 ## - INTERNATIONAL STANDARD BOOK NUMBER | |
| International Standard Book Number | 9789354240201 |
| 040 ## - CATALOGING SOURCE | |
| Transcribing agency | SBCL |
| 082 ## - DEWEY DECIMAL CLASSIFICATION NUMBER | |
| Classification number | 620.5 |
| Item number | POO-I |
| 100 ## - MAIN ENTRY--PERSONAL NAME | |
| Personal name | Poole, Charles p |
| -- | Owens, Frank J |
| 245 ## - TITLE STATEMENT | |
| Title | Introduction to nanoscience and nanotechnology |
| Remainder of title | An Indian adaptation |
| 260 ## - PUBLICATION, DISTRIBUTION, ETC. | |
| Place of publication, distribution, etc. | New Delhi |
| Name of publisher, distributor, etc. | Wiley India |
| Date of publication, distribution, etc. | 2022 |
| 300 ## - PHYSICAL DESCRIPTION | |
| Extent | 486p. |
| -- | Index. |
| 500 ## - GENERAL NOTE | |
| General note | Pd. A/c. Fund. |
| 630 ## - SUBJECT ADDED ENTRY--UNIFORM TITLE | |
| General subdivision | GENERAL STACK |
| 650 ## - SUBJECT ADDED ENTRY--TOPICAL TERM | |
| Topical term or geographic name entry element | Nanotechnology |
| 942 ## - ADDED ENTRY ELEMENTS (KOHA) | |
| Koha item type | BOOK |
| 650 ## - SUBJECT ADDED ENTRY--TOPICAL TERM | |
| Source of heading or term | Nanotechnology |
| Form subdivision | Engineering and allied operations |
| General subdivision | Technology |
| Withdrawn status | Lost status | Source of classification or shelving scheme | Damaged status | Not for loan | Home library | Current library | Date acquired | Total Checkouts | Full call number | Date last seen | Copy number | Price effective from | Koha item type | Barcode | Date last checked out |
|---|---|---|---|---|---|---|---|---|---|---|---|---|---|---|---|
| Dewey Decimal Classification | SB LIBRARY | SB LIBRARY | 23/07/2022 | 620.5 POO-I | 23/07/2022 | 1 | 23/07/2022 | BOOK | |||||||
| Dewey Decimal Classification | SB LIBRARY | SB LIBRARY | 23/07/2022 | 2 | 620.5 POO-I | 05/09/2023 | 2 | 23/07/2022 | BOOK | 142216 | 14/08/2023 |